[Event "10th Rector Cup w"]
[Site "Kharkiv UKR"]
[Date "2008.03.04"]
[Round "9"]
[White "Vozovic,O"]
[Black "Bulmaga,I"]
[Result "1-0"]
[WhiteElo "2327"]
[BlackElo "2132"]

1.Nf3 d5 2.c4 c6 3.b3 Nf6 4.Bb2 Bg4 5.e3 e6 6.Be2 Nbd7 7.O-O Bd6 8.Nc3 O-O
9.d4 a6 10.Qc2 Qb8 11.h3 Bh5 12.e4 dxe4 13.Nxe4 Nxe4 14.Qxe4 Bg6 15.Qe3 Bf4
16.Qc3 Nf6 17.Bd3 Bxd3 18.Qxd3 Qd6 19.Rad1 Qe7 20.Ne5 Rfd8 21.Qf3 Bxe5 22.dxe5 Ne8
23.Bc3 Rxd1 24.Rxd1 Rd8 25.Ba5 Rxd1+ 26.Qxd1 f6 27.Qd4 fxe5 28.Qxe5 Qd6 29.f4 Qxe5
30.fxe5 Kf7 31.g4 Ke7 32.Kf2 g6 33.Kf3 Ng7 34.Kf4 h5 35.Kg5 Kf7 36.Bd8 hxg4
37.hxg4 Ne8 38.Kf4 Ng7 39.Ke4 Ke8 40.Bf6 Kf7 41.Kd4 b6 42.Bd8 c5+ 43.Ke4 b5
44.Bb6 bxc4 45.bxc4 Ne8 46.Bxc5 Nc7 47.Bb6 Na8 48.Ba5 Ke7 49.Kf4  1-0

[Event "XXIII Open"]
[Site "Reykjavik ISL"]
[Date "2008.03.05"]
[Round "3"]
[White "Thorsteinsson,E"]
[Black "Frank Nielsen,M"]
[Result "1/2-1/2"]
[WhiteElo "2132"]
[BlackElo "1969"]

1.Nf3 d5 2.c4 c6 3.cxd5 cxd5 4.e3 Nc6 5.a3 g6 6.b4 Bg7 7.d4 a6 8.Bb2 Nf6
9.Nbd2 O-O 10.Rc1 Bd7 11.Nb3 Ne4 12.Be2 Nd6 13.Ne5 Nxe5 14.dxe5 Nc4 15.Bxc4 dxc4
16.Rxc4 Be6 17.Rd4 Qb6 18.Rd2 Bc4 19.Na5 Rac8 20.Nxc4 Rxc4 21.O-O Rh4 22.Bd4 Qe6
23.Qf3 Bxe5 24.g3 Qh3 25.Qg2 Qxg2+ 26.Kxg2 Rh5 27.g4 Rg5 28.f4 Rxg4+ 29.Kf3 Bxd4
30.Rxd4 Rh4 31.Kg3 Rh5 32.Rd7 Rb5  1/2-1/2

[Event "24th Open"]
[Site "Bad Woerishofen GER"]
[Date "2008.03.06"]
[Round "8"]
[White "Schatz,C"]
[Black "Gurack,D"]
[Result "1/2-1/2"]
[WhiteElo "2227"]
[BlackElo "2152"]

1.Nf3 d5 2.c4 d4 3.g3 Nc6 4.d3 e5 5.Bg2 Nf6 6.O-O Be7 7.b4 Nd7 8.a3 O-O 9.e3 dxe3
10.Bxe3 Bf6 11.Ra2 Nd4 12.Nc3 g6 13.Bh6 Bg7 14.Bxg7 Kxg7 15.Nxd4 exd4 16.Nb5 c5
17.Qa1 Qf6 18.Nc7 Rb8 19.bxc5 Kh8 20.Nb5 Nxc5 21.Qxd4 Qxd4 22.Nxd4 Nxd3 23.Rd2 Nc5
24.Rb1 Be6 25.Nxe6 fxe6 26.Rd6 b6 27.f4 Rbd8 28.Rbd1 Rxd6 29.Rxd6 Re8 30.Rc6 Re7
31.Kf2 e5 32.Bd5 exf4 33.gxf4 Kg7 34.Kf3  1/2-1/2

[Event "Spring Cup"]
[Site "Cheliabinsk RUS"]
[Date "2008.03.06"]
[Round "1"]
[White "Yatsenko,A"]
[Black "Looshnikov,N"]
[Result "0-1"]
[WhiteElo "2442"]
[BlackElo "2454"]

1.Nf3 d5 2.c4 c6 3.d4 Nf6 4.e3 Bf5 5.Qb3 Qb6 6.c5 Qc7 7.Nh4 Bc8 8.Nc3 e5
9.Be2 e4 10.f4 Be7 11.g3 b6 12.cxb6 axb6 13.Bd2 O-O 14.h3 b5 15.Rc1 Qa7 16.a3 Qb7
17.Na2 Ne8 18.Bb4 Nd6 19.Ng2 Na6 20.Bxd6 Bxd6 21.Kf2 Bd7 22.Bg4 f5 23.Be2 b4
24.Ra1 Rfb8 25.Bxa6 Rxa6 26.Nxb4 Rb6 27.Rhb1 Bxb4 28.axb4 Rxb4 29.Qd1 Rxb2+
30.Rxb2 Qxb2+ 31.Kg1 Be8 32.g4 Bd7 33.Ra7 Be6 34.gxf5 Qb1 35.Qxb1 Rxb1+ 36.Kh2 Bxf5
37.Rc7 Rc1 38.Kg3 Rh1 39.Rxc6 Rxh3+ 40.Kf2 Rf3+ 41.Ke2 Bg4 42.Rd6 Rxf4+ 43.Ke1 Rf3
44.Rxd5 Bh3 45.Nf4 Rxe3+ 46.Kd2 Rf3  0-1

[Event "TCh-FIN 2007-8"]
[Site "Finland FIN"]
[Date "2008.03.08"]
[Round "8"]
[White "Jouhki,Y"]
[Black "Kokkila,T"]
[Result "0-1"]
[WhiteElo "2304"]
[BlackElo "2313"]

1.Nf3 d5 2.c4 e6 3.b3 Nf6 4.g3 a5 5.a3 a4 6.cxd5 axb3 7.dxe6 Bxe6 8.Bg2 Na6
9.Bb2 Nc5 10.Nc3 Na4 11.Nxa4 Rxa4 12.O-O c6 13.d3 h6 14.e3 Bc5 15.d4 Be7
16.Nd2 Qb6 17.f4 g6 18.Kh1 O-O 19.e4 Rxd4 20.f5 gxf5 21.exf5 Bd5 22.Bxd4 Qxd4
23.Bxd5 Qxd5+ 24.Nf3 b2 25.Rb1 Bxa3 26.Qa4 Qc5 27.Qh4 Kg7 28.g4 Qc4 29.Qg3 Ne4
30.Qh3 Re8 31.g5 hxg5 32.f6+ Nxf6 33.Nxg5 Qd5+ 34.Nf3 Re3 35.Qg2+ Kf8 36.Rbd1 Rd3
37.Rde1 Bb4 38.Qxb2 Rxf3 39.Qxb4+ c5  0-1

[Event "FSIM March"]
[Site "Budapest HUN"]
[Date "2008.03.09"]
[Round "8"]
[White "Szeberenyi,A"]
[Black "Gara,A"]
[Result "0-1"]
[WhiteElo "2350"]
[BlackElo "2325"]

1.Nf3 d5 2.c4 e6 3.d4 c5 4.cxd5 exd5 5.Bg5 Be7 6.Bxe7 Nxe7 7.dxc5 Qa5+ 8.Nc3 Qxc5
9.Qd4 Qxd4 10.Nxd4 O-O 11.Rd1 Nbc6 12.e3 Nxd4 13.Rxd4 Be6 14.Bb5 a6 15.Ba4 Rfd8
16.O-O b5 17.Bb3 Nc6 18.Bxd5 Nxd4 19.Bxa8 b4 20.exd4 bxc3 21.Be4 cxb2 22.Rb1 Rxd4
23.Bc2 Rd2 24.Rxb2 g6 25.g4 Kg7 26.Kf1 Bxg4 27.Ke1 Re2+ 28.Kf1 a5 29.a3 Re5
30.Kg2 h5 31.Rb7 h4 32.Bb3 Rf5 33.Ra7 Bf3+ 34.Kh3 g5 35.Be6 Rf4 36.Ba2 a4
37.Bxf7 Bg4+ 38.Kg2 Rxf7 39.Rxa4 Bf3+ 40.Kh3 Kg6 41.Ra5 Rh7 42.Ra6+ Kf5 43.Ra5+ Kf4
44.Ra4+ Be4  0-1

[Event "XXIII Open"]
[Site "Reykjavik ISL"]
[Date "2008.03.09"]
[Round "7"]
[White "Rebers,E"]
[Black "Brynjarsson,H"]
[Result "1-0"]
[WhiteElo "2297"]
[BlackElo "1914"]

1.Nf3 d5 2.c4 d4 3.b4 b6 4.e3 c5 5.bxc5 bxc5 6.exd4 cxd4 7.g3 e6 8.Bg2 Bb7
9.O-O Bc5 10.d3 Nc6 11.Nbd2 Nge7 12.Nb3 Bb6 13.Rb1 Rb8 14.Bf4 Rc8 15.Nfxd4 O-O
16.Nxc6 Bxc6 17.Bxc6 Nxc6 18.c5 Bc7 19.Bc1 Qd5 20.d4 Rfd8 21.Be3 a5 22.a4 Rb8
23.Qc2 Rb4 24.Rfd1 Rxa4 25.Nd2 Ra2 26.Qb3 Nxd4 27.Bxd4 e5 28.Qxd5 Rxd5 29.Be3 h6
30.Nc4 Rxd1+ 31.Rxd1 a4 32.Rd7 Rc2 33.Rxc7 Rxc4 34.Ra7 f5 35.f4 e4 36.Kf2 Rc2+
37.Ke1 Rxh2 38.Rxa4 Rc2 39.Kd1 Rc3 40.Kd2 Rd3+ 41.Ke2 Rc3 42.Ra1 Kf7 43.Ra7+ Kf8
44.Bd4 Rxg3 45.c6  1-0

[Event "Spring Cup"]
[Site "Cheliabinsk RUS"]
[Date "2008.03.11"]
[Round "5"]
[White "Ismagambetov,An"]
[Black "Khruschiov,A"]
[Result "1/2-1/2"]
[WhiteElo "2477"]
[BlackElo "2504"]

1.Nf3 d5 2.c4 e6 3.g3 c6 4.b3 Nd7 5.Bb2 Ngf6 6.Bg2 Bd6 7.O-O O-O 8.d4 b6
9.Nbd2 Bb7 10.Qc2 Qe7 11.Rad1 c5 12.Rfe1 Rac8 13.Qb1 Rfd8 14.cxd5 exd5 15.dxc5 Bxc5
16.Qf5 g6 17.Qf4 Bd6 18.Qh4 Rc2 19.Bd4 Rxa2 20.Ng5 Be5 21.Bxe5 Nxe5 22.Nxh7 Kg7
23.e4 dxe4 24.Nxf6 Rdxd2 25.Rxd2 Rxd2 26.Nh5+ Kf8 27.Qf4 Qd6 28.Qh6+ Ke7
29.Qg5+ Kf8 30.Qh6+ Ke7 31.Qg5+ Kf8  1/2-1/2

[Event "TCh-AUT 1st Bundesliga 2007-8"]
[Site "Graz AUT"]
[Date "2008.03.13"]
[Round "8"]
[White "Bischoff,K"]
[Black "Ragger,M"]
[Result "1/2-1/2"]
[WhiteElo "2537"]
[BlackElo "2530"]

1.Nf3 d5 2.c4 c6 3.e3 Nf6 4.Nc3 e6 5.b3 Bd6 6.Bb2 O-O 7.Qc2 Qe7 8.Be2 dxc4
9.Bxc4 b5 10.Be2 Bb7 11.Ng5 Nbd7 12.O-O a6 13.Nce4 Nxe4 14.Nxe4 c5 15.Nxd6 Qxd6
16.Rfd1 Rac8 17.Rac1 e5 18.Qf5 Rfe8 19.f3 Nb6 20.Qg4 Rc6 21.Qg3 Qd5 22.Qf2 Rec8
23.d3 Qd6 24.Bf1 Nd5 25.Rd2 Nc7 26.d4 cxd4 27.Rxc6 Qxc6 28.exd4 exd4 29.Rc2 Qg6
30.Qxd4 Ne6 31.Rxc8+ Bxc8 32.Qc3 Bb7 33.Kf2 h6 34.h4 Qb1 35.Bd3 Qh1 36.Kg3 Qd1
37.Bf5 Qd6+ 38.Kf2 f6 39.Ba3 Qxa3 40.Bxe6+ Kf8 41.Qc7 Qb2+ 42.Ke3 Qe5+ 43.Qxe5 fxe5
44.b4 g6 45.Bb3 Ke7 46.Bc2 Kf6 47.Be4 Bc8 48.a3 g5 49.hxg5+ hxg5 50.Bd5 Ke7
51.Ke4 Kd6 52.g4 Bd7 53.Bb7 Kc7 54.Bxa6 Kb6 55.Bxb5 Kxb5 56.Kxe5 Ka4 57.Kf6 Bc6
58.Kxg5 Bxf3 59.Kf4 Bc6 60.Ke5 Kxa3 61.Kd6 Bf3 62.g5 Kxb4 63.g6 Bd1 64.g7 Bb3
65.Ke7 Kc5 66.Kf8 Kd6 67.g8=Q Bxg8 68.Kxg8  1/2-1/2

[Event "ch-Siberia"]
[Site "Novokuznetsk RUS"]
[Date "2008.03.14"]
[Round "2"]
[White "Storchak,V"]
[Black "Morokov,A"]
[Result "0-1"]
[WhiteElo "2187"]
[BlackElo "1806"]

1.c4 d5 2.Nf3 d4 3.d3 Bg4 4.g3 f6 5.Qb3 Bxf3 6.exf3 Qc8 7.Bg2 Qe6+ 8.Kf1 Qb6
9.f4 c6 10.Qxb6 axb6 11.f5 Nd7 12.Ke2 g6 13.fxg6 hxg6 14.f4 Nh6 15.Na3 Nf5
16.Nc2 Nd6 17.Nxd4 Kf7 18.Bd2 e5 19.fxe5 Nxe5 20.Nc2 Re8 21.Ne3 Bh6 22.Rae1 Ng4
23.Kf3 Ne5+ 24.Ke2 Ng4 25.Be4 Nxe3 26.Bxe3 Bxe3 27.Kxe3 f5 28.Ref1 Kg7 29.Kd4 fxe4
30.dxe4 Rxe4+ 31.Kc3 Rxc4+  0-1

[Event "ch-RUS Boys u20"]
[Site "St Petersburg RUS"]
[Date "2008.03.14"]
[Round "7"]
[White "Andreikin,D"]
[Black "Sjugirov,S"]
[Result "0-1"]
[WhiteElo "2573"]
[BlackElo "2491"]

1.Nf3 d5 2.c4 e6 3.g3 c6 4.Qc2 Nf6 5.Bg2 Be7 6.O-O O-O 7.d4 b6 8.Bf4 Ba6
9.Nbd2 Nbd7 10.Rac1 Nh5 11.Be3 Nhf6 12.Rfd1 Rc8 13.Bf4 Nh5 14.Be3 Nhf6 15.Bg5 h6
16.Bxf6 Nxf6 17.e4 dxc4 18.Nxc4 Qc7 19.Ne3 Qb8 20.Bf1 Bb7 21.e5 Nd5 22.Nxd5 cxd5
23.Qa4 Rc7 24.Rxc7 Qxc7 25.Bd3 a5 26.Re1 Ra8 27.Kg2 Rc8 28.h4 Qc6 29.Qd1 a4
30.a3 b5 31.Qe2 Ba6 32.Rb1 Ra8 33.b4 axb3 34.Rxb3 Qc7 35.Ne1 Qa5 36.Nc2 Qa4
37.Qe3 Kh8 38.Be2 Rc8 39.Nb4 Bxb4 40.axb4 Bb7 41.Ra3 Qxb4 42.Rb3 Qe1 43.Bxb5 Qxe3
44.Rxe3 g6 45.Ra3 Kg7 46.Ra7 Bc6 47.Ba6 Rb8 48.Rc7 Rb6 49.Bc8 Kf8 50.Ra7 Rb4
51.Ra6 Rc4 52.Rb6 Ba4 53.Rb8 Kg7 54.f4 Rxd4 55.Rb7 Kf8 56.Rb8 Ke7 57.Ba6 Rd2+
58.Kf3 Bc6 59.Rb6 Rc2 60.Ke3 Kd7 61.Bd3 Rg2 62.Kf3 Ra2 63.Ke3 Kc7 64.Ra6 Rg2
65.Kf3 Rd2 66.Ra3 Rb2 67.Ke3 Kb6 68.Kd4 Rb4+ 69.Kc3 Kc5 70.Ra5+ Bb5 71.Bxb5 Rxb5
72.Ra7 d4+ 73.Kc2 Kd5 74.Rxf7 Ke4 75.h5 gxh5 76.f5 exf5 77.e6 Ke3 78.e7 d3+
79.Kc3 Rc5+ 80.Kb2 Re5 81.Rxf5 Rxe7 82.Rxh5 d2 83.Rh1 Ke2  0-1

[Event "ch-RUS Girls u20"]
[Site "St Petersburg RUS"]
[Date "2008.03.14"]
[Round "7"]
[White "Charochkina,D"]
[Black "Tarasova,Viktoriy"]
[Result "1/2-1/2"]
[WhiteElo "2383"]
[BlackElo "2267"]

1.Nf3 d5 2.c4 d4 3.b4 g6 4.Bb2 Bg7 5.g3 a5 6.b5 b6 7.Bg2 Bb7 8.O-O e5 9.e3 Ne7
10.d3 O-O 11.Na3 dxe3 12.fxe3 e4 13.Nd4 Nf5 14.Rxf5 gxf5 15.dxe4 Qg5 16.Qe2 Bxe4
17.Rf1 Nd7 18.Bxe4 fxe4 19.Nf5 Bxb2 20.Qxb2 Rae8 21.Qd4 Nc5 22.Rf4 h5 23.Rf1 f6
24.h4 Qg6 25.Qd5+ Rf7 26.Nc2 Re5 27.Qd8+ Kh7 28.Ncd4 Ne6 29.Qc8 Ng7 30.Kg2 Re8
31.Qa6 Nxf5 32.Nxf5 Rd7 33.Rf2 Re5 34.Qc8 Qe8 35.Qb7 Re6 36.c5 bxc5 37.Qa7 Re5
38.Qxa5 Qg6 39.b6 cxb6 40.Qb5 Rf7 41.Qc4 Rd7 42.Qf1 Rdd5 43.Nd4 f5 44.Ne2 Rd2
45.Nf4 Rxf2+ 46.Qxf2 Qe8 47.Qb2 b5 48.Nxh5 Kh6 49.Nf6 Qe6 50.g4 Kg6 51.g5 Qc4
52.Nd7 Re6 53.Nf8+ Kf7 54.Nxe6 Qxe6 55.h5 f4 56.Kh2 fxe3 57.h6 Qd6+ 58.Kh3 Qg6
59.Kh4 Qf5 60.Qb3+ c4 61.Qxe3 Qe5 62.Kg4 Kg6 63.Qb6+ Kh7 64.Qb7+ Kg6 65.Qb6+ Kh7
66.Qd8 e3 67.Qd7+ Kg6 68.Qc6+ Kh7 69.Qf3 Kg6 70.Qc6+ Kh7  1/2-1/2

[Event "ch-Siberia"]
[Site "Novokuznetsk RUS"]
[Date "2008.03.16"]
[Round "4"]
[White "Pakhomov,E"]
[Black "Andreev,Af"]
[Result "1/2-1/2"]
[WhiteElo "2100"]
[BlackElo "2295"]

1.Nf3 d5 2.c4 c6 3.g3 Nf6 4.Bg2 dxc4 5.a4 Be6 6.O-O Bd5 7.Qc2 Na6 8.Na3 Nb4
9.Qc3 e6 10.Ne1 b5 11.axb5 cxb5 12.Nxb5 Qb6 13.Na3 Rc8 14.Nac2 Nc6 15.d3 Bxg2
16.Nxg2 cxd3 17.Qxd3 Bc5 18.b4 Nxb4 19.Nxb4 Qxb4 20.Ba3 Qd4 21.Qb5+ Qd7 22.Qxd7+ Nxd7
23.Bxc5 Nxc5 24.Rxa7 O-O 25.Rc1 Nb3 26.Rxc8 Rxc8 27.Nf4 e5 28.Nd5 Rd8 29.Ne7+ Kf8
30.Nc6 Rd1+ 31.Kg2 f6 32.Ra8+ Kf7 33.Ra7+ Kf8  1/2-1/2

[Event "57th ch-BUL w"]
[Site "Plovdiv BUL"]
[Date "2008.03.18"]
[Round "4"]
[White "Jordanova,S"]
[Black "Vladimirova,M"]
[Result "1/2-1/2"]
[WhiteElo "2145"]
[BlackElo "1971"]

1.Nf3 d5 2.c4 dxc4 3.Na3 Nf6 4.Nxc4 b6 5.g3 Bb7 6.Bg2 e6 7.O-O Be7 8.b3 O-O
9.Bb2 Nbd7 10.Qc2 Nd5 11.Rac1 Bf6 12.d4 Nb4 13.Qb1 g6 14.Rfd1 Bg7 15.a3 Nd5
16.Nfe5 Nxe5 17.dxe5 Qe8 18.Qa1 Rd8 19.a4 Ba6 20.Ba3 c5 21.Bb2 Bxc4 22.bxc4 Nb4
23.a5 Rxd1+ 24.Rxd1 Nc2 25.Qa2 Nb4 26.Qa3 Qb8 27.axb6 axb6 28.f4 b5 29.Qb3 Rc8
30.Bc1 Bf8 31.Be3 Qb6 32.Qxb4 cxb4 33.Bxb6 bxc4 34.Rd8 Rxd8 35.Bxd8 c3 36.Be4 b3
37.Ba5 c2 38.Bd2 Ba3 39.Kf2 c1=Q 40.Bxc1 Bxc1 41.h3 Kf8 42.Bd3 Ke7 43.e4 Kd7
44.Bb5+ Kc7 45.Ba4 b2 46.Bc2 Kc6 47.Ke2 Kc5 48.Kd3 Kb4 49.Kd4 Bd2 50.Kd3 Be1
51.g4 Bg3 52.Ke3 Kc3 53.Bb1 Bh2 54.f5 Bxe5 55.fxg6 fxg6 56.Ke2 Bf4 57.Kf3 Bg5
58.Ke2 Bc1 59.Bd3 Kd4 60.Bb1 Ke5 61.Kf3 Kf6 62.Kg3 Bd2 63.Bc2 Be1+ 64.Kf3 Kg5
65.Bb1 Kh4 66.Kg2 Kg5 67.Kf3 h5 68.gxh5 gxh5 69.Bd3 Kf6 70.Bb1 Ke5 71.Ke3 Ba5
72.Bc2 Bb6+ 73.Kf3 Kd4 74.Ke2 Kc3 75.Bb1 Kb3 76.Kd3 Bc5 77.Kd2 Bd4 78.Kd3 Be5
79.Kd2 Bf4+ 80.Kd3 Bh6 81.Kd4 Bg7+ 82.Kd3 Be5 83.Kd2 Bf4+ 84.Kd3 e5 85.Ke2 Kc3
86.Bd3  1/2-1/2

[Event "67th ch-GEO KO"]
[Site "Tbilisi GEO"]
[Date "2008.03.18"]
[Round "2.1"]
[White "Magalashvili,Da"]
[Black "Gelashvili,T"]
[Result "1/2-1/2"]
[WhiteElo "2449"]
[BlackElo "2622"]

1.Nf3 d5 2.c4 e6 3.g3 Nf6 4.Bg2 c5 5.cxd5 Nxd5 6.O-O Be7 7.Nc3 Nc6 8.d4 cxd4
9.Nxd5 exd5 10.Nxd4 O-O 11.Nxc6 bxc6 12.Be3 Bf6 13.Bd4 Bxd4 14.Qxd4 Qb6 15.Rfd1 Be6
16.Rac1 Rfb8 17.b3 a5 18.e4 Qxd4 19.Rxd4 Rb4 20.Rxb4 axb4 21.exd5 cxd5 22.Rd1 Rxa2
23.Bxd5 Rb2 24.Bxe6 fxe6 25.Rd3 Kf7 26.h4 h5 27.Kg2 e5 28.g4 hxg4 29.Rg3 g6
30.Rxg4 Rxb3 31.Re4 Kf6 32.f4 Kf5 33.Rxe5+ Kxf4 34.Rg5 Rb2+ 35.Kh3 Rb1 36.Kg2 b3
37.Rxg6 Rc1 38.Rb6 Rc2+ 39.Kh3 Rc3+ 40.Kg2 Ke4 41.h5 Kd3 42.h6 Kc2 43.h7 Rc8
44.Rc6+ Rxc6 45.h8=Q b2 46.Qh7+ Kc1 47.Qh1+ Kc2 48.Qh7+  1/2-1/2

[Event "72nd ch-BUL"]
[Site "Plovdiv BUL"]
[Date "2008.03.19"]
[Round "8"]
[White "Milchev,N"]
[Black "Rusev,K"]
[Result "0-1"]
[WhiteElo "2373"]
[BlackElo "2521"]

1.Nf3 d5 2.c4 e6 3.g3 Nf6 4.Bg2 dxc4 5.Qa4+ Nbd7 6.Qxc4 a6 7.Qb3 b5 8.Ne5 Nxe5
9.Bxa8 Bc5 10.Bg2 h5 11.O-O h4 12.Nc3 Bb6 13.a4 Nfg4 14.d3 Nxh2 15.Bf4 Neg4
16.axb5 Nxf1 17.Rxf1 g5 18.bxa6 gxf4 19.Qa4+ Bd7 20.Qxf4 e5 21.Qf3 h3 22.Bh1 h2+
23.Kg2 Nf6  0-1

[Event "Doeberl Cup"]
[Site "Canberra AUS"]
[Date "2008.03.20"]
[Round "2"]
[White "Selnes,H"]
[Black "Sales,J"]
[Result "0-1"]
[WhiteElo "1957"]
[BlackElo "2299"]

1.Nf3 d5 2.c4 e6 3.d4 Nf6 4.Nc3 Be7 5.Bg5 h6 6.Bh4 O-O 7.e3 c6 8.Rc1 Nbd7
9.Bd3 dxc4 10.Bxc4 Nd5 11.Bxe7 Qxe7 12.O-O Nxc3 13.Rxc3 e5 14.Bb3 exd4 15.exd4 Nf6
16.Re1 Qd6 17.Ne5 Bf5 18.Rg3 Rad8 19.Qe2 Rde8 20.Qe3 Nd5 21.Qf3 f6 22.Qxf5 fxe5
23.Qh5 e4 24.f3 Kh8 25.Rg6 Qf4 26.Bxd5 exf3 27.Rf1 f2+ 28.Kh1 cxd5  0-1

[Event "ch-Siberia"]
[Site "Novokuznetsk RUS"]
[Date "2008.03.20"]
[Round "8"]
[White "Pakhomov,E"]
[Black "Telelyaev,A"]
[Result "1/2-1/2"]
[WhiteElo "2100"]
[BlackElo "2114"]

1.Nf3 d5 2.c4 e6 3.g3 Nf6 4.Bg2 Be7 5.O-O c6 6.b3 O-O 7.Bb2 Nbd7 8.Nc3 b6
9.d4 Bb7 10.Rc1 Rc8 11.e3 Qc7 12.cxd5 exd5 13.Ne5 Qd6 14.Qe2 Rfd8 15.Rfd1 Qe6
16.Nd3 Bd6 17.Qf3 Re8 18.Nf4 Qe7 19.Re1 Ba3 20.Bxa3 Qxa3 21.Bh3 Rcd8 22.Rcd1 Ne4
23.Bxd7 Rxd7 24.Nxe4 dxe4 25.Qg4 Rd6 26.Nh5 Rg6 27.Qd7 Qe7 28.Qxe7 Rxe7 29.Rc1 Kf8
30.Nf4 Rg5 31.b4 Rb5 32.Rb1 g6 33.a4 Rf5 34.Ne2 h5 35.h3 Re6 36.Kg2 Ref6
37.Rf1 Ba6 38.Rb2 Bd3 39.Rd2 a6 40.g4 hxg4 41.hxg4 Rf3 42.b5 cxb5  1/2-1/2

[Event "Doeberl Cup"]
[Site "Canberra AUS"]
[Date "2008.03.21"]
[Round "3"]
[White "Wang Puchen"]
[Black "Solomon,SJ"]
[Result "1-0"]
[WhiteElo "2383"]
[BlackElo "2468"]

1.Nf3 d5 2.c4 e6 3.d4 c6 4.e3 Nf6 5.Nbd2 c5 6.cxd5 exd5 7.Be2 Nc6 8.O-O Bd6
9.dxc5 Bxc5 10.b3 O-O 11.Bb2 Re8 12.Rc1 Bb6 13.Bb5 Bd7 14.Re1 a6 15.Bxc6 bxc6
16.Ne5 Re6 17.Ndf3 Ne4 18.Nxd7 Qxd7 19.Qd3 a5 20.Rc2 Rae8 21.Rec1 h5 22.Nd4 Rg6
23.Rxc6 Nxf2 24.Kxf2 Bxd4 25.Qxd4 Re4 26.Rc8+ Kh7 27.Qd1 Reg4 28.g3 h4 29.Be5 Qf5+
30.Bf4 hxg3+ 31.hxg3 Rxg3 32.Qf1 d4 33.R8c5 dxe3+ 34.Ke1 Qd7 35.Rd1 e2 36.Qh1+ Rh3
37.Rh5+ Rh6 38.Rxh6+ gxh6 39.Qe4+  1-0

[Event "39th Open"]
[Site "Mar del Plata ARG"]
[Date "2008.03.21"]
[Round "8"]
[White "Zamorano,Jor"]
[Black "Dimuro,M"]
[Result "1/2-1/2"]
[WhiteElo "2254"]
[BlackElo "2143"]

1.Nf3 d5 2.c4 c6 3.b3 Nf6 4.g3 Bf5 5.Bg2 h6 6.O-O e6 7.Bb2 Be7 8.d3 O-O 9.Nbd2 a5
10.a3 Nbd7 11.Qc2 Bh7 12.Rfe1 Qb6 13.h3 Rfd8 14.Bc3 Bc5 15.e3 Be7 16.Bd4 Qc7
17.cxd5 exd5 18.e4 dxe4 19.dxe4 Rac8 20.Kh2 c5 21.Bc3 Nf8 22.Nc4 b6 23.Be5 Qb7
24.Nh4 N6d7 25.Bxg7 Bxh4 26.Bxf8 Nxf8 27.gxh4 Qc7+ 28.Kh1 Ne6 29.Re3 Kh8
30.Qc3+ Rd4 31.e5 Rg8 32.Rg3 Bg6 33.h5 Bxh5 34.Qe3 Nf4 35.Rxg8+ Kxg8 36.Rg1 Nxg2
37.Rxg2+ Kh7 38.Nd6 Rxd6 39.exd6 Qxd6 40.Rg3 Bg6 41.Kh2 Qe6 42.Rf3 Qd6+ 43.Rf4 b5
44.Qg3 Qd5 45.Qf3 Qd6 46.Kg1 Qe5 47.a4 Qa1+ 48.Kg2 bxa4 49.Rxa4 Qe5 50.Qe3 Qd5+
51.f3 Bc2 52.Rxa5 Qxb3 53.Qxb3 Bxb3 54.Rxc5 Kg6 55.Kg3 f6 56.h4 h5 57.Kf4 Ba2
58.Ke4 Bb1+ 59.Kd5 Kf5 60.Kd6+ Kf4 61.Ke6 f5 62.Kf6 Kxf3 63.Rxf5+ Bxf5 64.Kxf5 Ke3
65.Kg5 Ke4  1/2-1/2

[Event "72nd ch-BUL"]
[Site "Plovdiv BUL"]
[Date "2008.03.21"]
[Round "10"]
[White "Milchev,N"]
[Black "Radulski,J"]
[Result "1-0"]
[WhiteElo "2373"]
[BlackElo "2511"]

1.Nf3 d5 2.c4 e6 3.g3 Nf6 4.Bg2 Nbd7 5.O-O Bd6 6.d4 c6 7.Qc2 Ne4 8.Nfd2 Nxd2
9.Nxd2 f5 10.cxd5 cxd5 11.Nf3 O-O 12.Bf4 Bxf4 13.gxf4 Nb8 14.Rfc1 Nc6 15.e3 Bd7
16.Bf1 Be8 17.Qb3 Rf7 18.Rc3 Rc7 19.Rac1 Rac8 20.Qa3 a6 21.Ne5 g5 22.Be2 gxf4
23.Nxc6 Rg7+ 24.Kf1 Bxc6 25.exf4 e5 26.fxe5 Qg5 27.Ke1 Qf4 28.Rd1 Rg1+ 29.Bf1 Kf7
30.Qd6 Rg6 31.Qa3 Qe4+ 32.Re3 Qh1 33.Kd2 Qxh2 34.Rf3 Bd7 35.Bh3 Rgc6 36.Bxf5 Qh6+
37.Qe3 Bxf5 38.Rxf5+ Ke7 39.Qxh6 Rxh6 40.Rg1 Kd7 41.Rg7+ Kc6 42.Ke3 Kb5 43.Rxb7+ Kc4
44.Rf6 Rh4 45.Rxa6 Re4+ 46.Kf3 Kxd4 47.Ra4+ Kxe5 48.Re7+ Kf5 49.Rexe4 dxe4+
50.Rxe4 h5 51.Rb4 Rh8 52.a4 h4 53.Kg2 h3+ 54.Kh2 Ke5 55.b3 Kd5 56.Rf4 Rb8
57.Rf3  1-0

[Event "Victor Ciocaltea mem"]
[Site "Bucharest ROM"]
[Date "2008.03.22"]
[Round "8"]
[White "Raceanu,V"]
[Black "Murariu,A"]
[Result "0-1"]
[WhiteElo "2407"]
[BlackElo "2483"]

1.Nf3 d5 2.c4 c6 3.e3 e6 4.d4 f5 5.Bd3 Nf6 6.O-O Bd6 7.b3 Qe7 8.Bb2 O-O 9.Qc1 b6
10.Ba3 c5 11.Nc3 Ba6 12.Qc2 Rc8 13.Qe2 Nbd7 14.cxd5 c4 15.Bxd6 cxd3 16.Bxe7 dxe2
17.Rfc1 Rxc3 18.Rxc3 Nxd5 19.Rc2 Nxe7 20.Rc7 Bb5 21.Rac1 Nd5 22.Rc8+ Rxc8
23.Rxc8+ Kf7 24.a4 Ba6 25.Ra8 Bb7 26.Rxa7 Bc6 27.Ne1 Ke8 28.f3 Kd8 29.Kf2 Kc8
30.a5 b5  0-1

[Event "12th Neckar Open A"]
[Site "Deizisau GER"]
[Date "2008.03.22"]
[Round "5"]
[White "Pfrommer,C"]
[Black "Bindrich,F"]
[Result "0-1"]
[WhiteElo "2396"]
[BlackElo "2497"]

1.Nf3 d5 2.c4 c6 3.e3 Nf6 4.d4 e6 5.Bd3 Nbd7 6.O-O dxc4 7.Bxc4 Bd6 8.Qc2 O-O
9.Nc3 a6 10.a4 c5 11.Rd1 cxd4 12.Rxd4 Qc7 13.Bd2 Ne5 14.Be2 Nxf3+ 15.gxf3 Bd7
16.Rc1 Rac8 17.Rh4 Bc6 18.Bd3 g6 19.Ne4 Nxe4 20.Bxe4 Qe7 21.Rh3 Qg5+ 22.Kh1 Bxe4
23.Qxe4 Rxc1+ 24.Bxc1 Qa5 25.b4 Qxb4 26.Qxb4 Bxb4 27.Rh4 Be1 28.Rc4 Bxf2
29.Rc7 b5 30.axb5 axb5 31.Kg2 Be1 32.Kf1 Ba5 33.Rb7 b4 34.Bd2 Rc8 35.Bxb4 Rc1+
36.Kg2 Rc2+ 37.Kh3 Bc7 38.f4 h6 39.Be7 g5 40.Kg4 f5+ 41.Kg3 Rc3  0-1

[Event "10th Foxwoods Open"]
[Site "Ledyard USA"]
[Date "2008.03.22"]
[Round "7"]
[White "Iwu,O"]
[Black "Figler,I"]
[Result "1-0"]
[WhiteElo "2145"]
[BlackElo "2332"]

1.Nf3 d5 2.c4 d4 3.g3 Nc6 4.Bg2 g6 5.O-O d3 6.Nc3 Bf5 7.exd3 Bxd3 8.Re1 Nf6
9.Qb3 Na5 10.Qa4+ c6 11.Ne5 Nxc4 12.Nxc4 Bg7 13.Ne5 O-O 14.Nxd3 Qxd3 15.Bf1 Qd7
16.d3 Ng4 17.Be3 Ne5 18.Qe4 f5 19.Qg2 h6 20.Rad1 e6 21.Bxh6  1-0

[Event "Palace Hotel Open"]
[Site "Heviz HUN"]
[Date "2008.03.23"]
[Round "4"]
[White "Horvath,Im1"]
[Black "Kernazhitsky,L"]
[Result "1/2-1/2"]
[WhiteElo "2310"]
[BlackElo "2338"]

1.Nf3 d5 2.c4 c6 3.g3 Nf6 4.Bg2 Bf5 5.Qb3 Qb6 6.Nc3 e6 7.d3 Nbd7 8.Qxb6 axb6
9.Nh4 d4 10.Nb1 Bb4+ 11.Bd2 Bxd2+ 12.Nxd2 Bg4 13.h3 Bh5 14.g4 Bg6 15.f4 Nc5
16.Nxg6 hxg6 17.Kf2 O-O 18.Nb3 Rfd8 19.Nxc5 bxc5 20.a4 Nd7 21.Ra3 Nb8 22.h4 Na6
23.h5 gxh5 24.Rxh5 g6 25.Re5 Kg7 26.Rb3 Ra7 27.e3 dxe3+ 28.Kxe3 Nb4 29.a5 Na6
30.Ra3 Rd6 31.Kd2 f6 32.Re3 Ra8 33.g5 Rh8 34.gxf6+ Kxf6 35.Rg3 Nb4 36.Rc3 e5
37.fxe5+ Kxe5 38.Rc1 Rf6 39.Re1+ Kd6 40.Re2 Ra8 41.Be4 Rxa5 42.Rxg6 Rxg6
43.Bxg6 Ra1 44.Bf5 Rb1 45.Ke3 Rf1 46.Be4 Rc1 47.Rh2 Rc2 48.Rxc2 Nxc2+ 49.Kd2 Nd4
50.Kc3 Ke5 51.Bh7 Kf4 52.b4 Ke3 53.bxc5 Ne6 54.Bf5 Nxc5 55.d4 Na4+ 56.Kb4 Kxd4
57.Kxa4 Kxc4 58.Be6+  1/2-1/2

[Event "Palace Hotel Open"]
[Site "Heviz HUN"]
[Date "2008.03.26"]
[Round "7"]
[White "Vassallo,M"]
[Black "Takacs,B"]
[Result "1/2-1/2"]
[WhiteElo "2383"]
[BlackElo "2269"]

1.Nf3 d5 2.c4 e6 3.g3 Nf6 4.Bg2 Be7 5.O-O O-O 6.b3 dxc4 7.bxc4 c5 8.Nc3 Nc6
9.d3 Rb8 10.Bb2 a6 11.a4 Qc7 12.e3 Rd8 13.Qe2 e5 14.h3 Be6 15.Rad1 h6 16.Ne1 e4
17.Nxe4 Nxe4 18.Bxe4 Bxh3 19.Ng2 Qd7 20.Rfe1 Bg4 21.f3 Bf5 22.Bxf5 Qxf5 23.Nf4 Bf6
24.g4 Qg5 25.Bxf6 Qxf6 26.Nd5 Qd6 27.Kg2 b5 28.axb5 axb5 29.Nc3 bxc4 30.dxc4 Qe5
31.Nd5 Ne7 32.Nxe7+ Qxe7  1/2-1/2

[Event "Internatonal Open"]
[Site "Sydney AUS"]
[Date "2008.03.27"]
[Round "4"]
[White "Swiercz,D"]
[Black "Gagunashvili,M"]
[Result "0-1"]
[WhiteElo "2315"]
[BlackElo "2553"]

1.Nf3 d5 2.c4 c6 3.e3 Nf6 4.Qc2 g6 5.b3 Bg7 6.Bb2 O-O 7.Be2 b6 8.O-O Bb7
9.d3 c5 10.Ne5 Nbd7 11.Nd2 Nxe5 12.Bxe5 Ne8 13.Bxg7 Nxg7 14.Nf3 d4 15.exd4 cxd4
16.Qb2 Ne6 17.Qd2 Qd6 18.Ne1 Rae8 19.Bf3 Bc8 20.b4 Bd7 21.g3 Ng7 22.Bg2 e5
23.Rc1 Ne6 24.Nf3 Bc6 25.Rfe1 f6 26.Qb2 Qc7 27.Qe2 Kg7 28.h4 Nd8 29.Qf1 Qd7
30.Rcd1 Qd6 31.a3 a5 32.Rb1 e4 33.dxe4 Bxe4 34.Rb2 Nc6 35.bxa5 Qxa3 36.Rxe4 Qxb2
37.Rxe8 Rxe8 38.a6 Qa3 39.Nd2 Nb4 40.Qb1 Nxa6 41.Qxb6 Qc1+ 42.Nf1 Qxc4 43.Bc6 Rb8
44.Qa7+ Kh6 45.Bb7 Qf7 46.Qxa6 Rxb7  0-1

[Event "TCh-HUN 2007-8"]
[Site "Budapest HUN"]
[Date "2008.03.30"]
[Round "9"]
[White "Gyorkos,L"]
[Black "Vicsai,G"]
[Result "1-0"]
[WhiteElo "2389"]
[BlackElo "2206"]

1.Nf3 d5 2.c4 e6 3.g3 Nf6 4.Bg2 c5 5.O-O Nc6 6.b3 Be7 7.Bb2 O-O 8.e3 b6 9.Qe2 Bb7
10.Rd1 Qc7 11.Nc3 Rad8 12.Rac1 Qb8 13.cxd5 Nxd5 14.Nxd5 Rxd5 15.d4 cxd4 16.Nxd4 Nxd4
17.Bxd4 Ra5 18.Rc2 Bxg2 19.Kxg2 Rd8 20.e4 Bf6 21.Be3 h6 22.Rxd8+ Qxd8 23.Qc4 Qd7
24.a4 Qb7 25.Kf1 Kh7 26.f3 Qd7 27.Ke2 Rh5 28.Bg1 b5 29.Qc7 Qxc7 30.Rxc7 a6
31.Kd3 bxa4 32.bxa4 Ra5 33.Rc4 Bd8 34.Bd4 f5 35.Bc3 fxe4+ 36.Kxe4 Rh5 37.h4 Bf6
38.Bxf6 gxf6 39.Rc6 Re5+ 40.Kf4 Rf5+ 41.Ke3 Re5+ 42.Kd3 a5 43.Rb6 Rd5+ 44.Kc4 Re5
45.Rb3 Kg6 46.Rb5 Re3 47.h5+ Kf7 48.Rb7+ Ke8 49.Rb3 Re5 50.g4 Kf7 51.Rb7+ Kg8
52.Kd4 Re1 53.Rb5 Rd1+ 54.Ke3 Re1+ 55.Kf4 Rc1 56.Rxa5 Rc4+ 57.Kg3 Rc2 58.Ra8+ Kg7
59.a5 e5 60.a6 Ra2 61.Kh3 Kh7 62.g5 fxg5 63.Kg4 Ra4+ 64.Kf5 Rf4+ 65.Kxe5 Rxf3
66.Rb8 Ra3 67.Rb7+ Kg8 68.a7 Ra5+ 69.Kd4 Ra4+ 70.Kc3 g4 71.Rb8+ Kg7 72.a8=Q Rxa8
73.Rxa8 Kf6 74.Rg8  1-0